Petit Bac: Les Pokémon de Type Psy - Statistiques

Statistiques générales
  • Ce quiz a été pris 393 fois
    269 depuis la dernière actualisation
  • Le résultat moyen est 16 sur 23
Statistiques - réponses
Lettre Pokémon % Correct
A Abra / Alakazam / Archéodong / Archéomire / Artikodin / Astronelle
97%
M Médittikka / Méios / Meloetta / Mentali / Mesmérella / Metalosse / Metang / Mew / Mewtwo / Mime Jr. / Mistigrix / M. Glaquette / M. Mime / Munna / Mushana
97%
K Kadabra / Kaorine / Kirlia / Korillon
94%
G Gallame / Galopa / Gardevoir / Groret / Girafarig / Gouroutan / Goupelin / Guériaigle
93%
S Scrutella / Séléroc / Sepiatop / Sepiatroce / Sidérella / Solaroc / Solgaleo / Soporifik / Sorcilence / Spoink / Starross / Sylveroy / Symbios
92%
C Carmadura / Celebi / Cerbyllin / Charmina / Chapotus / Chef-de-Fer / Chovsourir / Cléopsytra / Coléodôme / Cosmog / Cosmovum / Créfadet / Créfollet / Créhelf / Cresselia / Cryptéro
90%
L Latias / Latios / Lewsor / Lippouti / Lippoutou / Lugia / Lunala
89%
T Tarsal / Terhal / Tokopyon
86%
N Natu / Necrozma / Neitram / Noadkoko / Noeunoeuf / Nucléos
85%
H Hoopa / Hurle-Queue / Hypnomade
78%
F Farigiraf / Flagadoss / Flotillon / Fortusimia
74%
R Raichu / Ramoloss / Rhinolove / Roc-de-Fer / Roigada
74%
X Xatu
73%
B Balbuto / Bérasca / Bibichut
66%
P Plumeline / Ponyta / Psystigri
59%
D Darumacho / Délestin / Denticrisse / Deoxys
54%
J Jirachi
54%
Q Qulbutoke
50%
V Vert-de-fer / Victini
47%
W Wimessir
44%
E Eoko
43%
Z Zarbi
43%
O Okéoké
41%
Aucun quiz correspondant
Distribution des résultats
% des personnes avec chaque résultat
Percentile par nombre de réponses
Votre historique - résultats
Vous n’avez pas pris ce quiz depuis la dernière actualisation